|
|
|
|
| LEADER |
00680nab a2200181 i 4500 |
| 001 |
misc73460 |
| 005 |
20241018114017.0 |
| 008 |
241018s1955 hu o 000 eng d |
| 040 |
|
|
|a SZTE Miscellanea Repozitórium
|b hun
|
| 041 |
|
|
|a eng
|
| 100 |
1 |
|
|a Kisch Bruno
|
| 245 |
1 |
0 |
|a Electronmicroscopic observations on sarcosomes
|h [elektronikus dokumentum] /
|c Kisch Bruno
|
| 260 |
|
|
|a Brooklyn Medical Press
|b New York
|c 1955-03
|
| 300 |
|
|
|a 63-72
|
| 490 |
0 |
|
|a Experimental Medicine and Surgery
|v 13 No. 1
|
| 561 |
|
|
|a Szent-Györgyi Albert munkatársainak publikációi
|
| 700 |
0 |
1 |
|a Philpott Delbert
|e aut
|
| 856 |
4 |
0 |
|u http://misc.bibl.u-szeged.hu/73460/1/szgya_amerikai_071.pdf
|z Dokumentum-elérés
|